header

Schutzian research (Record no. 78025)

MARC details
000 -LEADER
fixed length control field 01155nam a2200289Ia 4500
245 00 - TITLE STATEMENT
Title Schutzian research
260 ## - PUBLICATION, DISTRIBUTION, ETC. (IMPRINT)
Place of publication [Bucharest] :
Name of publisher Zeta Books,
Year of publication c2010.
300 ## - PHYSICAL DESCRIPTION
Number of Pages 226 p.
650 #0 - SUBJECT ADDED ENTRY--TOPICAL TERM
Topical Term Sociology
Topical Term Phenomenology.
700 1# - ADDED ENTRY--PERSONAL NAME
Personal name Barber, Michael.
856 40 - ELECTRONIC LOCATION AND ACCESS
Uniform Resource Identifier http://site.ebrary.com/lib/rucke/Doc?id=10574209

No items available.

© 2026 Rongo University
Contact us: librarian | system librarian | Rongo university